| 000 | 00710nam a2200217 4500 | ||
|---|---|---|---|
| 001 | 117979 | ||
| 003 | ES-MaACL | ||
| 005 | 20230906191015.0 | ||
| 007 | t| | ||
| 008 | 070214s1981 sp r ||||1| spa d | ||
| 245 | 0 | 0 |
_aPara Schumacher / _cR. D. Laing [et al.] ; editado y presentado por Satish Kumar ; [traducción del inglés, Alberto Jiménez Rioja]. |
| 260 |
_aMadrid : _bH. Blume, _c1981. |
||
| 300 |
_a222 p. ; _c21 cm. |
||
| 490 | 1 | _aCrítica alternativas | |
| 700 | 1 |
_aLaing, Ronald David. _969695 |
|
| 700 | 1 |
_aKumar, Satish. _969016 |
|
| 700 | 1 |
_aJiménez Rioja, Alberto. _966601 |
|
| 830 | 0 |
_aCrítica alternativas _9186573 |
|
| 852 |
_aES-MaACL _jL-2659 _bR.103027 |
||
| 999 |
_c117979 _d117979 |
||